| 000 | 00459cam a2200181ua 4500 | ||
|---|---|---|---|
| 001 | 3806 | ||
| 008 | 111221n ii |||gr||||Z||||||asm | ||
| 040 | _cMAIN | ||
| 082 | _a891.4514 | ||
| 100 |
_aSarma, Atul., _eAuthor. |
||
| 245 | 1 | 1 |
_aAsamiya sahitya aru sanskriti _cby Atul Sarma |
| 250 | _a1st. | ||
| 260 |
_aGuwahati: _bAshis Prakash. |
||
| 300 |
_a87p: _c23cm. |
||
| 653 | _aAssamese literature | ||
| 653 | _aAsamiya sahitya aru sanskriti | ||
| 942 | _cBK | ||
| 999 |
_c3630 _d3630 |
||